Multilaterálna diplomacia a jej význam pre Viedeň ako sídlo medzinárodných organizácií diplomová práca

Guardado en:
Detalles Bibliográficos
Autor principal: Mareček, Timotej
Autor Corporativo: Fakulta medzinárodných vzťahov EU. Katedra medzinárodných ekonomických vzťahov a hospodárskej diplomacie
Otros Autores: Mattoš, Boris, 1977-
Formato: Libro
Lenguaje:eslovaco
Publicado: Bratislava 2024
Etiquetas: Agregar Etiqueta
Sin Etiquetas, Sea el primero en etiquetar este registro!

MARC

LEADER 00000nbm a2200000 4500
001 0300884
005 20250226084924.4
041 0 |a slo 
044 |a SK 
245 1 0 |a Multilaterálna diplomacia a jej význam pre Viedeň ako sídlo medzinárodných organizácií  |b diplomová práca  |c Timotej Mareček ; školiteľ: Boris Mattoš 
264 1 |a Bratislava  |c 2024 
300 |a 74 s. 
100 1 |a Mareček, Timotej 
700 1 |a Mattoš, Boris, 1977- 
710 2 |a Fakulta medzinárodných vzťahov EU. Katedra medzinárodných ekonomických vzťahov a hospodárskej diplomacie